LOONA lyrics quiz - Statistics

General Stats
  • This quiz has been taken 107 times
  • The average score is 10 of 15
Answer Stats
Hint Answer % Correct
hulalala hulalala hulala... HULA HOOP
92%
don't kill my vibe that's a no no... Why Not?
90%
we ain't gotta east of eden... PTT (Paint The Town)
83%
i go i go i go... Colors
80%
say oh my goodness... ViViD
80%
all my life... New
79%
let you go today... Egoist
76%
Let me fly right now... Butterfly
68%
feelin' like Hollywood... POSE
63%
너답게 ho-Hot! (neodapge ho-hot!)... So What?
63%
not tryna talk... Not Friends
56%
It's been a long, long day... See Saw
54%
come on boy/ girl... Satellite
38%
oh yeah girl... WOW
30%
도착했나 봐 (dochakhaenna bwa) welcome everyone... Stylish
29%
No matching quizzes found
Score Distribution
Percent of People with Each Score
Percentile by Number Answered
Your Score History
You have not taken this quiz